भारतीय भाषओं में हनुमत् काव्य परम्परा/ (Record no. 212573)

MARC details
000 -LEADER
fixed length control field 00864nam a22002057a 4500
005 - DATE AND TIME OF LATEST TRANSACTION
control field 20250724143643.0
010 ## - LCCN (DPL NO)
LC control number HIN-129981
020 ## - INTERNATIONAL STANDARD BOOK NUMBER
International Standard Book Number 9788197828119
Terms of availability 590.00
035 ## - SYSTEM CONTROL NUMBER
System control number HN-102327
037 ## - SOURCE OF ACQUISITION
Source of stock number/acquisition DBAD
082 ## - DEWEY DECIMAL CLASSIFICATION NUMBER
Classification number 820.8
100 ## - MAIN ENTRY--PERSONAL NAME
Personal name बुधोलिया हरिमोहन
245 ## - TITLE STATEMENT
Title भारतीय भाषओं में हनुमत् काव्य परम्परा/
Statement of responsibility, etc हरिमोहन बुधोलिया
250 ## - EDITION STATEMENT
Edition statement प्रथम
260 ## - PUBLICATION, DISTRIBUTION, ETC. (IMPRINT)
Place of publication, distribution, etc शिमला
Name of publisher, distributor, etc भारतीय उच्च अध्ययन संस्थान
270 ## - ADDRESS
Address राष्ट्रपति निवास , शिमला
City शिमला
Postal code 171005
300 ## - PHYSICAL DESCRIPTION
Extent 194पृ.
Dimensions 21.7 सेमी (सजिल्द )
700 ## - ADDED ENTRY--PERSONAL NAME
9 (RLIN) 83257
942 ## - ADDED ENTRY ELEMENTS (KOHA)
Source of classification or shelving scheme Dewey Decimal Classification
Item type Hindi Books
Classification part 820.8
Call number suffix बुधोलि
Holdings
Withdrawn status Lost status Not for loan Collection code Home library Current library Date acquired Source of acquisition Cost, normal purchase price Full call number Barcode Copy number Cost, replacement price Koha item type
      Non-fiction Central Library Central Library 24/07/2025 DBAD 590.00 820.8 बुधोलि HN-102327 1 590.00 Hindi Books

© Delhi Public Library
Hit Counter
free hit counter